| 000 | 00511nam a22001577a 4500 | ||
|---|---|---|---|
| 999 |
_c529531 _d529531 |
||
| 020 | _qHard Cover. | ||
| 082 | _a621 | ||
| 100 | _aAhmad, Afzaal | ||
| 245 |
_aDesign and Fabrication of Active SEMG Sensor for Prosthesis Control / _cAfzaal Ahmed. |
||
| 260 |
_aIslamabad: _bCEME - NUST, _c2015. |
||
| 300 |
_a70 p.: ill.; _c30cm. |
||
| 942 |
_2ddc _cTHE |
||
| 650 |
_aMechatronics Engineering MS-Thesis. _916096 |
||
| 700 |
_aDr. Mohsin Islam Tiwana _917344 |
||